000 01203naa a22003497a 4500
001 BR7705114
003 BR-BrBNA
005 20240918174043.0
007 ta
008 230509b bl.||||| |||| 00| 0 por d
040 _aBR-BrBNA
_bpor
_cBiblioteca Nacional de Agricultura
041 _a(Pt)
072 _aF30; F25
_b0170
_b1940
_bG514
090 _aF30 BR7705114
100 1 _aSchaffert, R.E.
100 1 _aMc Crate, A.J.
100 1 _aTrevisan, W.L.
100 1 _aBueno, A.
100 1 _aMeira, J.L.
100 1 _aRhyked, C.L.
245 1 _aVariacoes geneticas em Sorghum bicolor (L.)Moench para tolerancia a altos niveis de aluminio permutavel nos solos acidos do Brasil [sorgo granifero]
260 3 _aBelo Horizonte, MG (Brasil):
_c1977.
500 _aProjeto sorgo. Relatorio anual 72/73/74/75 Belo Horizonte, MG (Brasil): 1977. p. 76-83 (BR7705114-AM)F30
650 _aSORGO GRANIFERO
650 _aALUMINIO
650 _aSOLO ACIDO
650 _aLINHAGEM
650 _aGENETICA VEGETAL
773 0 _tProjeto sorgo. Relatorio anual 72/73/74/75
_wF30 BR7705114
_gBelo Horizonte, MG (Brasil), 1977. p. 76-83
909 _a202404
_bLucia
_c55
_dLucia Elande
942 _cAM
_2AGRIS
999 _c308606
_d308606